R v Leicester City Council, W M Morrison Supermarkets plc and Powergen UK plc ex p Safeway Stores (Record no. 60840)
[ view plain ]
| 000 -LEADER | |
|---|---|
| fixed length control field | 01540cam a2200169 4500 |
| 001 - CONTROL NUMBER | |
| control field | ABS61150 |
| 008 - FIXED-LENGTH DATA ELEMENTS--GENERAL INFORMATION | |
| fixed length control field | 000000n1999 000 0 eng u |
| 035 ## - SYSTEM CONTROL NUMBER | |
| System control number | (Sirsi) u101715 |
| 245 ## - TITLE STATEMENT | |
| Title | R v Leicester City Council, W M Morrison Supermarkets plc and Powergen UK plc ex p Safeway Stores |
| 260 ## - PUBLICATION, DISTRIBUTION, ETC. | |
| Date of publication, distribution, etc. | 1999 |
| 490 ## - SERIES STATEMENT | |
| Series statement | Journal of Planning and Environment Law |
| Volume/sequential designation | [1999] JPL 691-697(7) |
| 520 ## - SUMMARY, ETC. | |
| Summary, etc. | QBD 18 January 1999. On 20/9/94 Powergen applied to Leicester City Council for planning permission for a development on the former power station site. Permission was granted on 25/1/95. On 31/8/95, Safeway applied to build a store on the former cattle market site, and permission was granted on 13/3/96. The store began trading in July 1997. On 8/1/98 Powergen and Morrison applied for approval on matters relating to the permission of 25/1/95. They applied on 13/1/98 to change the conditions imposing a time limit for submission of reserved applications. On 27/4/98, Safeway contended that the reserved matters did not pertain to the planning permission. However, on 1/5/98 Council determined to approve the reserved matters. Safeway applied to judicially review the Council's decision of 20/5/98 to approve the reserved matters. Council questioned the delay in the judicial review, however Safeway contended the 6-week limit would apply to the later date. Appeal dismissed. |
| 650 ## - SUBJECT ADDED ENTRY--TOPICAL TERM | |
| Topical term or geographic name entry element | R V LEICESTER CITY COUNCIL AND OTHERS EX P SAFEWAY STORES |
| 650 ## - SUBJECT ADDED ENTRY--TOPICAL TERM | |
| Topical term or geographic name entry element | SUPERMARKETS |
| 690 ## - LOCAL SUBJECT ADDED ENTRY--TOPICAL TERM (OCLC, RLIN) | |
| Topical term or geographic name as entry element | PROPERTY LAW AND PRACTICE-CASE LAW |
| 942 ## - ADDED ENTRY ELEMENTS (KOHA) | |
| Suppress in OPAC | 0 |
| Withdrawn status | Lost status | Source of classification or shelving scheme | Damaged status | Not for loan | Home library | Current library | Shelving location | Date acquired | Total Checkouts | Full call number | Barcode | Date last seen | Copy number | Price effective from | Koha item type |
|---|---|---|---|---|---|---|---|---|---|---|---|---|---|---|---|
| Dewey Decimal Classification | London | London | Journal article | 10/11/1999 | ABS61150 | 101715-1001 | 06/08/2019 | 1 | 06/08/2019 | Law report |